Experimentálne overenie šmykovej odolnosti prvku bez šmykovej výstuže s podielom recyklovaného kameniva
Na minha lista:
| Autor principal: | |
|---|---|
| Outros Autores: | |
| Formato: | Manuscrito Livro |
| Idioma: | eslovaco |
| Publicado em: |
2025
|
| Assuntos: | |
| Acesso em linha: | http://is.stuba.sk/zp/portal_zp.pl?podrobnosti=181928 CRZP |
| Tags: |
Sem tags, seja o primeiro a adicionar uma tag!
|
MARC
| LEADER | 00000ntm a22000003a 4500 | ||
|---|---|---|---|
| 001 | stuzp105979 | ||
| 003 | SK-STU | ||
| 005 | 20250728113013.1 | ||
| 007 | ta | ||
| 008 | 150427s2015----xo-----f-mn---000-0-slo-d | ||
| 040 | |a STU |b slo | ||
| 041 | 0 | |a slo | |
| 100 | 1 | |a Kuklišová, Hana |u 010110 |4 aut |U SvF Stavebná fakulta |T SvF Katedra betónových konštrukcií a mostov |X 104485 |U V110 |Y 11 |7 104485 | |
| 242 | 0 | 1 | |a Experimental verification of the shear resistance of an element without shear reinforcement with a portion of recycled aggregate |y eng |
| 245 | 1 | 0 | |a Experimentálne overenie šmykovej odolnosti prvku bez šmykovej výstuže s podielom recyklovaného kameniva |
| 260 | |c 2025 | ||
| 650 | 4 | |a recycled aggregate |2 eng | |
| 650 | 4 | |a shear resistance |2 eng | |
| 650 | 4 | |a reinforced concrete structure |2 eng | |
| 650 | 4 | |a recyklované kamenivo |2 slo | |
| 650 | 4 | |a železobetónová konštrukcia |2 slo | |
| 650 | 4 | |a šmyková odolnosť |2 slo | |
| 700 | 1 | |a Hollý, Ivan |u 010110 |k Z1 |4 ths |U SvF Stavebná fakulta |T SvF Katedra betónových konštrukcií a mostov |X 20766 |U V110 |Y 11 |7 A000020766 | |
| 856 | 4 | |u http://is.stuba.sk/zp/portal_zp.pl?podrobnosti=181928 | |
| 856 | 4 | |u https://opac.crzp.sk/?fn=detailBiblioForm&sid=BBB70232DB8D19E5F42CB5DCF3EF |z CRZP | |